000 00917cam a22002651 4500
001 gs 54000256
003 DLC
005 20260227111402.0
008 770317s1954 dcuab b f00010 eng c
010 _ags 54000256 //r85
040 _aU.S. Geol. Survey. Libr.
_cak
043 _an-us-ak
050 0 _aQE75
_b.C5 no. 310
051 _aTN805.A7
_bW25
_cCopy 2.
082 _a553.24
100 1 0 _aWahrhaftig, Clyde,
_d1919-
245 1 0 _aStripping coal deposits on lower Lignite Creek, Nenana coal field, Alaska,
_cby Clyde Wahrhaftig and Joseph H. Birman.
260 0 _aWashington,
_c1954.
300 _aiv, 11 p.
_billus., maps (5 fold., 1 col. in pocket) tables.
_c27 cm.
490 1 _aGeological Survey circular 310
504 _aBibliography: p. 11.
650 0 _aCoal
_zAlaska
_zNenana coal field.
700 1 0 _aBirman, Joseph Harold,
_d1924-
_ejoint author.
830 0 _aGeological Survey circular ;
_v310.
999 _c28890
_d28890